000
00304nam a2200145Ia 4500
100
_a
Stallings/ William
250
_a
4
942
_c
BK
654
_a
LAN
245
_a
Local Metropolitan Area Networks
260
_b
Mcmillan Pub
_a
New york
_c
1993
300
_a
550
546
_a
ENGLISH
999
_c
27150
_d
27150